[Event "Mecklenburg VP-ch Meister"]
[Site "Nakensdorf"]
[Date "2007.04.09"]
[Round "9.16"]
[White "Ihde, Hans Werner"]
[Black "Wendt, Benjamin"]
[Result "1/2-1/2"]
[WhiteElo "1316"]
[BlackElo "956"]
[PlyCount "36"]
[EventDate "2007.04.05"]
[EventType "swiss"]
[EventRounds "9"]
[EventCountry "GER"]
[SourceTitle "EXT 2015"]
[Source "ChessBase"]
[SourceDate "2014.11.20"]
[SourceVersion "1"]
[SourceVersionDate "2014.11.20"]
[SourceQuality "1"]

1. e4 e5 2. Nf3 Nc6 3. Bb5 d6 4. d4 exd4 5. Nxd4 Bd7 6. 0-0 Nf6 7. Re1 Be7 8. c3 0-0 9. Nxc6 Bxc6 10. Bxc6 bxc6 11. b3 Nd7 12. Bb2 Bf6 13. Nd2 Re8 14. Rb1 Ne5 15. Nf3 Re7 16. Nd4 c5 17. Nf5 Re8 18. Ne3 Nd7 1/2-1/2

[Event "Mecklenburg VP-ch Meister"]
[Site "Nakensdorf"]
[Date "2007.04.07"]
[Round "5.16"]
[White "Wendt, Benjamin"]
[Black "Priss, Wolfgang"]
[Result "0-1"]
[WhiteElo "956"]
[BlackElo "1381"]
[PlyCount "100"]
[EventDate "2007.04.05"]
[EventType "swiss"]
[EventRounds "9"]
[EventCountry "GER"]
[SourceTitle "EXT 2015"]
[Source "ChessBase"]
[SourceDate "2014.11.20"]
[SourceVersion "1"]
[SourceVersionDate "2014.11.20"]
[SourceQuality "1"]

1. e4 d6 2. Nc3 g6 3. Nf3 a6 4. Be2 Bg7 5. d3 Nf6 6. Be3 Ng4 7. 0-0 Nxe3 8. fxe3 Bh6 9. Qd2 e5 10. Rf2 0-0 11. Raf1 Nc6 12. Nd1 Be6 13. a3 Bg4 14. h3 Be6 15. Nh2 Qg5 16. Bg4 Rfe8 17. Bxe6 Rxe6 18. Ng4 Bg7 19. Qe2 h5 20. Nh2 Rf6 21. Nf3 Qg3 22. Nh2 Rxf2 23. Qxf2 Qxf2+ 24. Rxf2 Ne7 25. Nc3 Bh6 26. Re2 f5 27. exf5 Nxf5 28. Nf1 Bg5 29. Ne4 Bh4 30. Ned2 b5 31. Nf3 Bf6 32. e4 Ne7 33. Ne3 c6 34. b3 a5 35. a4 bxa4 36. bxa4 d5 37. exd5 cxd5 38. Re1 Rc8 39. Rb1 e4 40. dxe4 dxe4 41. Nd2 Bd4 42. Ndf1 Nf5 43. Re1 Rc3 44. Kf2 Rxc2+ 45. Re2 Rc3 46. Re1 Kg7 47. g3 Kf6 48. g4 hxg4 49. hxg4 Nh6 50. Ke2 Ra3 0-1